Districts of Southern Afghanistan With a Map - Statistics

General Stats
  • This quiz has been taken 24 times
  • The average score is 15 of 121
Answers on the Map
Answers color-coded by a green-red scale on the quiz's map according to % correct below.
 
Answer Stats
Province District % Correct
Kandahar Kandahar
71%
Khost Khost
57%
Ghazni Ghazni
43%
Kandahar Daman
29%
Daykundi Gizab
29%
Daykundi Ishtarlay
29%
Daykundi Kajran
29%
Daykundi Khadir
29%
Daykundi Kiti
29%
Daykundi Miramor
29%
Daykundi Nili
29%
Kandahar Reg
29%
Daykundi Sangi Takht
29%
Daykundi Shahristan
29%
Nimruz Zaranj
29%
Ghazni Ab Band
14%
Paktia Ahmadabad
14%
Ghazni Ajristan
14%
Ghazni Andar
14%
Zabul Argahandab
14%
Kandahar Arghandab
14%
Kandahar Arghistan
14%
Helmand Baghran
14%
Khost Bak
14%
Nimruz Chahar Burjak
14%
Nimruz Chakhansur
14%
Paktia Dand wa Patan
14%
Ghazni Dih Yak
14%
Helmand Dishu
14%
Paktia Gardez
14%
Helmand Garmsir
14%
Ghazni Gelan
14%
Kandahar Ghorak
14%
Ghazni Giro
14%
Khost Gurbuz
14%
Ghazni Jaghatu
14%
Ghazni Jaghori
14%
Paktia | Paktika Janikhel
14%
Helmand Kajaki
14%
Zabul Kakar
14%
Nimruz Kang
14%
Kandahar Khakrez
14%
Helmand Khanashin
14%
Nimruz Khash Rod
14%
Ghazni Khogyani
14%
Ghazni Khwaja Umari
14%
Helmand Lashkargah
14%
Paktia Lazha Ahmadkhel
14%
Ghazni Malestan
14%
Khost Mandozayi
14%
Kandahar Maruf
14%
Kandahar Maywand
14%
Kandahar Miyanishin
14%
Ghazni Muqur
14%
Khost Musakhel
14%
Helmand Musa Qala
14%
Helmand Nadi Ali
14%
Khost Nadir Shah Kot
14%
Helmand Nahri Saraj
14%
Ghazni Nawa
14%
Helmand Nawa-i-Barakzayi
14%
Ghazni Nawur
14%
Helmand Nawzad
14%
Kandahar Nesh
14%
Kandahar Panjwayi
14%
Khost Qalandar
14%
Ghazni Qarabagh
14%
Ghazni Rashidan
14%
Khost Sabari
14%
Paktia Said Karam
14%
Helmand Sangin
14%
Kandahar Shah Wali Kot
14%
Khost Shamal
14%
Kandahar Shurabak
14%
Khost Spera
14%
Kandahar Spin Boldak
14%
Khost Tani
14%
Khost Tirazayi
14%
Ghazni Waghaz
14%
Helmand Washir
14%
Ghazni Zana Khan
14%
Paktia Zazi
14%
Khost Zazi Maidan
14%
Kandahar Zhari
14%
Zabul Atghar
0%
Paktika Barmal
0%
Uruzgan Chora
0%
Uruzgan Deh Rahwod
0%
Zabul Dey Chopan
0%
Paktika Dila
0%
Paktika Gayan
0%
Paktika Gomal
0%
Uruzgan Khas Uruzgan
0%
Paktika Mata Khan
0%
Zabul Mizan
0%
Zabul Naw Bahar
0%
Paktika Nika
0%
Paktika Omna
0%
Zabul Qalat
0%
Paktika Sar Hawza
0%
Uruzgan Shahidi Hassas
0%
Zabul Shahjoy
0%
Zabul Shamulzayi
0%
Paktika Sharana
0%
Zabul Shinkay
0%
Paktia Shwak
0%
Paktika Surobi
0%
Uruzgan Tarinkot
0%
Zabul Tarnak Aw Jaldak
0%
Paktika Terwa
0%
Paktia Tsamkani
0%
Paktika Urgun
0%
Paktika Waza Khwa
0%
Paktika Wor Mamay
0%
Paktika Yahyakhel
0%
Paktika Yusufkhel
0%
Paktia Zadran
0%
Paktika Zarghun Shar
0%
Paktika Ziruk
0%
Paktia Zurmat
0%
No matching quizzes found
Score Distribution
Percent of People with Each Score
Percentile by Number Answered
Your Score History
You have not taken this quiz